Gestión de una política de seguridad ciudadana en la frontera de México con los Estados Unidos bajo la iniciativa Mérida = Management on citizen security policy in the EEUU-Mexico border under the Merida iniciative /
Gardado en:
| Autor Principal: | |
|---|---|
| Formato: | Texto |
| Etiquetas: |
Engadir etiqueta
Sen Etiquetas, Sexa o primeiro en etiquetar este rexistro!
|
MARC
| LEADER | 00000 a a2200000 04500 | ||
|---|---|---|---|
| 001 | 47882 | ||
| 003 | |||
| 040 | |||
| 100 | |a Ramos García, José María | ||
| 245 | |a Gestión de una política de seguridad ciudadana en la frontera de México con los Estados Unidos bajo la iniciativa Mérida = |b Management on citizen security policy in the EEUU-Mexico border under the Merida iniciative / |c José María Ramos García | ||
| 773 | |g número11, (2012), páginas 93-97 | ||
| 999 | |c 38220 |d 38220 | ||
